000 01010nam0a2200301 4500
001 RU\NLR\bibl\1279102
005 20260406051115.0
010 _a978-5-9287-1680-6
_95000
021 _aRU
_b2008-60494
_93399
035 _a(NLR Aleph) 001264894
090 _a402403
_c402403
100 _a20080929d2008 |||y0rusy50 ca
101 0 _arus
102 _aRU
105 _aa |||||||||
200 1 _aКак похудеть после родов
_fНина Лоза
210 _aМосква
_cЛабиринт Пресс
_d2008 (печ. 2007)
215 _a268, [1] с.
_cил.
_d20
225 1 _aЛиния здоровья
606 1 _aПослеродовой период
_jПопулярные издания
_xГигиена
_91971927
_3RU\NLR\auth\66903650
686 _aР716.136
700 1 _4070
_8rus
_7ca
_aЛоза
_bН.
_gНина
_3RU\NLR\AUTH\776468
_9116422
801 0 _aRU
_bNLR
_c20080929
_gRCR
801 1 _aRU
_bNLR
_c20080929
942 _cBOOK
980 _aNB